Statistics for Kui mitu Eesti linna suudad nimetada 10 minutiga?

Click here to take the quiz!

General Stats

  • This quiz has been taken 620 times
  • The average score is 30 of 47

Answer Stats

Eesti linnadAnswer% Correct
Tartu maakondTartu
97%
Harju maakondTallinn
95%
Pärnu maakondPärnu
94%
Viljandi maakondViljandi
94%
Võru maakondVõru
93%
Ida-Viru maakondNarva
92%
Lääne maakondHaapsalu
89%
Saare maakondKuressaare
88%
Jõgeva maakondJõgeva
86%
Valga maakondValga
86%
Lääne-Viru maakondRakvere
81%
Hiiu maakondKärdla
80%
Järva maakondPaide
80%
Rapla maakondRapla
80%
Põlva maakondPõlva
77%
Ida-Viru maakondJõhvi
74%
Harju maakondKeila
72%
Tartu maakondElva
69%
Ida-Viru maakondKohtla-Järve
68%
Järva maakondTüri
68%
Lääne-Viru maakondTapa
64%
Jõgeva maakondPõltsamaa
63%
Valga maakondOtepää
61%
Harju maakondSaue
60%
Harju maakondPaldiski
59%
Ida-Viru maakondSillamäe
59%
Harju maakondMaardu
57%
Võru maakondAntsla
53%
Ida-Viru maakondNarva-Jõesuu
53%
Pärnu maakondSindi
53%
Ida-Viru maakondKiviõli
52%
Pärnu maakondKilingi-Nõmme
51%
Lääne-Viru maakondKunda
50%
Lääne maakondLihula
50%
Jõgeva maakondMustvee
50%
Valga maakondTõrva
49%
Põlva maakondRäpina
48%
Viljandi maakondKarksi-Nuia
46%
Harju maakondLoksa
46%
Viljandi maakondSuure-Jaani
44%
Viljandi maakondAbja-Paluoja
43%
Tartu maakondKallaste
43%
Harju maakondKehra
42%
Viljandi maakondMõisaküla
40%
Viljandi maakondVõhma
39%
Ida-Viru maakondPüssi
38%
Lääne-Viru maakondTamsalu
37%

Score Distribution

Percentile by Number Answered

Percent of People with Each Score

Your Score History

You have not taken this quiz